ABC Learning Design eszköz a hallgatóközpontú oktatásért

Elmentve itt :
Bibliográfiai részletek
Dokumentumtípus: Cikk
Megjelent: 2026-05-06
Sorozat:SZTE Info
Kulcsszavak:ABC Learning Design - gyakorlatközpontú oktatásmódszertani eszköz - strukturált vizsgálati módszer - vizuális vizsgálati módszer, Oktatás, Képzés - ABC workshop, Fejlesztés - kutatás - innováció, Innováció - oktatási kultúra fejlesztése, Egyetemi hallgatók - PhD-hallgatók, Egyetemi oktatók, Regisztráció - SZTE Modulo, Felhívás
Online Access:http://univ.bibl.u-szeged.hu/77433
LEADER 01128nab a2200169 i 4500
001 univ77433
005 20260507105349.0
008 260507s2026 hu o 000 hun d
040 |a SZTE UnivHistória Repozitórium  |b hun 
041 |a hun 
245 0 0 |a ABC Learning Design   |h [elektronikus dokumentum] :  |b eszköz a hallgatóközpontú oktatásért 
260 |c 2026-05-06 
490 0 |a SZTE Info 
561 |a Egyetemi hirarchívum 
695 |a ABC Learning Design - gyakorlatközpontú oktatásmódszertani eszköz - strukturált vizsgálati módszer - vizuális vizsgálati módszer, Oktatás, Képzés - ABC workshop, Fejlesztés - kutatás - innováció, Innováció - oktatási kultúra fejlesztése, Egyetemi hallgatók - PhD-hallgatók, Egyetemi oktatók, Regisztráció - SZTE Modulo, Felhívás 
856 4 0 |u http://univ.bibl.u-szeged.hu/77433/1/Szegedi%20Tudom%C3%A1nyegyetem%20_%20ABC%20Learning%20Design%20%E2%80%93%20eszk%C3%B6z%20a%20hallgat%C3%B3k%C3%B6zpont%C3%BA%20oktat%C3%A1s%C3%A9rt.pdf  |z Dokumentum-elérés  
856 4 0 |u http://univ.bibl.u-szeged.hu/77433/2/YTDown_Shorts_Media_CgXf5KmXikQ_002_720p.mp4  |z Dokumentum-elérés